00500nam a2200193 a 4500001001300000003000900013005001700022008004100039020002300080082001600103100002000119245003500139260004300174300000800217500003500225650001400260650001200274700002000286nice12345678IN_TiNIC20260116014028.0070823s2002 lona grp 000 0 eng  a0415415284 c19500a335.43bEAG aEagleton, Terry aMarxism and Literary Criticism aLondon bRoutledge Chapman Hall c2002 a83p aincludes index and biblioraphy aCommunism aMarxism1 aEagleton, Terry